• 首页
  • 本馆介绍
  • 公告通知
  • 最新文献
  • 馆藏检索
  • 电子资源
  • 读者导购
  • 参考咨询
  • 我的图书馆
  • 登录
  • 详细信息显示
  • 放入我的书架
  • 预约/预借图书
  • 作者相关作品
  • 分类相关作品
  • 丛书相关作品
  • 出版社相关作品

书目信息

  • 表格格式
  • 工作单格式
  • 卡片格式
题名:
国外农业科研体制和组织管理
    
 
作者: ;中国农业科学院科技情报研究所 编
分册:  
出版信息: 北京   农业出版社  1979
页数: 127页
开本: 26cm
丛书名: 世界农业丛刊
单 册:
中图分类: S-11
科图分类:
主题词: 农业科学-科研管理--外国 , 科研管理-农业科学--外国
电子资源:
ISBN: 16144.1924
000 00841oam2 2200265 450
001 0179003916
005 20100712215548.0
010    @a16144.1924@dCNY0.70
091    @a16144.1924
100    @a19950802d1979 em y0chiy0110 ea
101 0  @achi
102    @aCN@b110000
105    @ay z 000yy
106    @ar
200 1  @a国外农业科研体制和组织管理@9Guo Wai Nong Ye Ke Yan Ti Zhi He;Huo;Hu Zu Zhi Guan Li @f中国农业科学院科技情报研究所编
210    @a北京@c农业出版社@d1979
215    @a127页@d26cm
225 2  @a世界农业丛刊
461  0 @12001 @a世界农业丛刊
606 0  @a农业科学-科研管理@y外国
606 0  @a科研管理-农业科学@y外国
690    @aS-11@v3
711 02 @a中国农业科学院科技情报研究所@9zhong guo nong ye ke xue yuan ke ji qing bao yan jiu suo@4编
801  0 @aCN@bAzMarc@c20130904
905    @aBZT@dS-11@e1@f5@sS-11/1
    
    国外农业科研体制和组织管理/中国农业科学院科技情报研究所编.-北京:农业出版社,1979
    127页;26cm.-(世界农业丛刊)
    
    
    ISBN 16144.1924:CNY0.70
    
●
相关链接 在五车中查询图书 在当当中查询图书 在豆瓣中查询图书


正题名:国外农业科研体制和组织管理     索取号:S-11/1         预约/预借

序号 登录号 条形码 馆藏地/架位号 状态 备注
1 2000039892   2000039892   旧书回溯/ [索取号:S-11/1] 在馆    
2 2000039893   2000039893   旧书回溯/ [索取号:S-11/1] 在馆    
3 2000039894   2000039894   旧书回溯/ [索取号:S-11/1] 在馆    
4 2000039895   2000039895   旧书回溯/ [索取号:S-11/1] 在馆    
5 2000039896   2000039896   旧书回溯/ [索取号:S-11/1] 在馆    
山东省滨州职业学院图书馆 欢迎您!
大连网信软件有限公司© 版权所有